McGraw-Hill dictionary of engineering (ระเบียนเลขที่ 21780)
| 000 -LEADER | |
|---|---|
| fixed length control field | 00504nam a22001937a 4500 |
| 005 - DATE AND TIME OF LATEST TRANSACTION | |
| control field | 20210325185044.0 |
| 008 - FIXED-LENGTH DATA ELEMENTS--GENERAL INFORMATION | |
| fixed length control field | s1984 eng d |
| 020 ## - INTERNATIONAL STANDARD BOOK NUMBER | |
| International Standard Book Number | 0070454124 |
| 041 ## - LANGUAGE CODE | |
| Language code of text/sound track or separate title | eng |
| 050 ## - LIBRARY OF CONGRESS CALL NUMBER | |
| Classification number | R AG910 M35 1984 |
| 245 10 - TITLE STATEMENT | |
| Title | McGraw-Hill dictionary of engineering |
| 260 3# - PUBLICATION, DISTRIBUTION, ETC. | |
| Place of publication, distribution, etc. | Singapore : |
| Name of publisher, distributor, etc. | McGraw-Hill Book, |
| Date of publication, distribution, etc. | 1984 |
| 300 ## - PHYSICAL DESCRIPTION | |
| Extent | 660 p. 23 cm. |
| 650 04 - SUBJECT ADDED ENTRY--TOPICAL TERM | |
| Topical term or geographic name entry element | Engineering -- Dictionaries |
| 850 ## - HOLDING INSTITUTION | |
| Holding institution | NALT |
| 942 ## - ADDED ENTRY ELEMENTS (KOHA) | |
| Koha item type | Reference Book |
| 997 ## - | |
| -- | 000000000021780 |
| 998 ## - LOCAL CONTROL INFORMATION (RLIN) | |
| -- | VSINEE MUNKLAD |
| Withdrawn status | Lost status | Damaged status | Not for loan | Collection code | Home library | Current library | Total Checkouts | Full call number | Barcode | Date last seen | Price effective from | Koha item type |
|---|---|---|---|---|---|---|---|---|---|---|---|---|
| Reference Book collection | National Assembly Library of Thailand | National Assembly Library of Thailand | R AG910 M35 1984 | 3961116800 | 09/06/2017 | 09/06/2017 | Reference Book |
